MIODERN CONTROL ENGINEERING (Registro nro. 60672)
[ vista simple ]
| 000 -LEADER | |
|---|---|
| fixed length control field | 00451nam a2200169 a 4500 |
| 001 - CONTROL NUMBER | |
| control field | 60672 |
| 005 - DATE AND TIME OF LATEST TRANSACTION | |
| control field | 20180714062022.0 |
| 008 - FIXED-LENGTH DATA ELEMENTS--GENERAL INFORMATION | |
| fixed length control field | 140415s2010 xxu 000 0 eng d |
| 020 ## - INTERNATIONAL STANDARD BOOK NUMBER | |
| International Standard Book Number | 9780136156734 |
| 041 ## - LANGUAGE CODE | |
| Language code of text/sound track or separate title | eng |
| 082 ## - DEWEY DECIMAL CLASSIFICATION NUMBER | |
| Classification number | 629.8 |
| Item number | OGA |
| 100 1# - MAIN ENTRY--PERSONAL NAME | |
| Personal name | Ogata, Katsuhiko. |
| 245 10 - TITLE STATEMENT | |
| Title | MIODERN CONTROL ENGINEERING |
| 250 ## - EDITION STATEMENT | |
| Edition statement | 5ed. |
| 260 ## - PUBLICATION, DISTRIBUTION, ETC. | |
| Place of publication, distribution, etc. | ESTADOS UNIDOS DE AMERICA : |
| Name of publisher, distributor, etc. | PRENTICE HALL, |
| Date of publication, distribution, etc. | 2010, 1970 |
| 650 14 - SUBJECT ADDED ENTRY--TOPICAL TERM | |
| Topical term or geographic name entry element | INGENIERIA |
| Withdrawn status | Lost status | Source of classification or shelving scheme | Damaged status | Not for loan | Collection code | Home library | Current library | Shelving location | Date acquired | Source of acquisition | Inventory number | Total Checkouts | Total Renewals | Full call number | Barcode | Date last seen | Date last checked out | Price effective from | Koha item type |
|---|---|---|---|---|---|---|---|---|---|---|---|---|---|---|---|---|---|---|---|
| Dewey Decimal Classification | General | Biblioteca Karol Wojtyla | Biblioteca Karol Wojtyla | Sala general | 03/12/2013 | Compra | 151000000000000000012502 | 1 | 1 | 629.8 OGA 2010 | 91471 | 05/01/2026 | 19/11/2025 | 08/09/2014 | Libro |